000
00301nam a22001337a 4500
008
170622b xxu||||| |||| 00| 0 eng d
020
_a
9780271007175
041
_a
eng
080
_a
32
100
_a
20
101
_a
shp
245
_a
THE CENTRAL INTELLIGENE AGENCY
_c
DARLING, A.B
942
_2
udc
_c
BK
999
_c
18571
_d
18571